Alonso de Illescas: (Registro nro. 10596)
[ vista simple ]
| 000 -CABECERA | |
|---|---|
| Longitud fija campo de control | 00895nam a2200289Ia 4500 |
| 001 - NÚMERO DE CONTROL | |
| Número de control | 418818 |
| 003 - IDENTIFICADOR DEL NÚMERO DE CONTROL | |
| Identificador del número de control | EC-QuCCB |
| 005 - FECHA Y HORA DE LA ÚLTIMA TRANSACCIÓN | |
| Fecha y hora de la última transacción | 20240415124231.0 |
| 007 - CAMPO FIJO DE DESCRIPCIÓN FÍSICA--INFORMACIÓN GENERAL | |
| Campo fijo de descripción física | ta |
| 008 - DATOS DE LONGITUD FIJA--INFORMACIÓN GENERAL | |
| Códigos de información de longitud fija | 130917b ec gr 000 0bs d |
| 040 ## - FUENTE DE LA CATALOGACIÓN | |
| Centro catalogador de origen | EC-QuCCB |
| 041 0# - CÓDIGO DE LENGUA | |
| Código de lengua del texto;banda sonora o título independiente | spa |
| 043 ## - CÓDIGO DE ÁREA GEOGRÁFICA | |
| Código de área geográfica | s-ec |
| 082 ## - NÚMERO DE LA CLASIFICACIÓN DECIMAL DEWEY | |
| Número de clasificación | 923 |
| Número de documento | I2912c |
| 084 ## - OTRO NÚMERO DE CLASIFICACIÓN | |
| Número de clasificación | FER2La000384 |
| 100 1# - ENTRADA PRINCIPAL--NOMBRE DE PERSONA | |
| 9 (RLIN) | 19431 |
| Nombre de persona | Costales, Marcela, |
| 245 10 - MENCIÓN DE TÍTULO | |
| Título | Alonso de Illescas: |
| Parte restante del título | el gobernador negro |
| Mención de responsabilidad, etc. | Marcela Costales |
| 260 ## - PUBLICACIÓN, DISTRIBUCIÓN, ETC. (PIE DE IMPRENTA) | |
| Lugar de publicación, distribución, etc. | [Quito], Ecuador : |
| Nombre del editor, distribuidor, etc. | Presidencia de la Repùblica, |
| Fecha de publicación, distribución, etc. | [Fecha de publicación no identificada] |
| 300 ## - DESCRIPCIÓN FÍSICA | |
| Extensión | 66 páginas ; |
| Dimensiones | 15 cm |
| 336 ## - TIPO DE CONTENIDO | |
| Content type term | texto |
| Content type code | txt |
| 337 ## - TIPO DE MEDIO | |
| Media type term | no mediado |
| Media type code | n |
| 338 ## - TIPO DE PORTADOR | |
| Carrier type term | volumen |
| Carrier type code | nc |
| 490 ## - MENCIÓN DE SERIE | |
| Mención de serie | Generala Manuela Sáenz. Biografías hombres y mujeres forjadores de la patria ; |
| Número de volumen/designación secuencial | número 4 |
| 600 10 - PUNTO DE ACCESO ADICIONAL DE MATERIA--NOMBRE DE PERSONA | |
| 9 (RLIN) | 19482 |
| Nombre de persona | Illescas, Alonso de, |
| Fechas asociadas al nombre | 1528-1585 |
| 651 ## - PUNTO DE ACCESO ADICIONAL DE MATERIA--NOMBRE GEOGRÁFICO | |
| 9 (RLIN) | 16868 |
| Nombre geográfico | Ecuador |
| Subdivisión de materia general | Historia |
| 942 ## - ELEMENTOS DE PUNTO DE ACCESO ADICIONAL (KOHA) | |
| Fuente de clasificaión o esquema | Número de Clasificación Local |
| Koha [por defecto] tipo de item | Monografía |
| Suprimido | Perdido | Fuente de clasificación o esquema | Estropeado | No se presta | Koha Colección | Localización (Biblioteca) | Localización actual | Localización en estanterías | Fecha adquisición | Clasificación completa | Designación de pieza (código de barras) | Fecha última consulta | Número de ejemplar | Tipo de item de Koha | Fecha del precio de reemplazo |
|---|---|---|---|---|---|---|---|---|---|---|---|---|---|---|---|
| Disponible | Dewey Decimal Classification | Sin daños | Disponible para préstamo | Biblioteca CCE - Bolívar | Biblioteca CCE - Bolívar | En Col. | 02/04/2019 | 920.7 I2912 | CCE-BOL19049063 | 02/04/2019 | Ej. 2 | Monografía | 02/04/2019 | ||
| Disponible | Número de Clasificación Local | Sin daños | Disponible para préstamo | CIENCIAS SOCIALES | Biblioteca y Archivo de la CCE | Biblioteca y Archivo de la CCE | CIENCIAS SOCIALES | 15/04/2024 | FER2La000384 | E0000619 | 17/09/2013 | Ej. 1 | Monografía |























